| 000 | 00459nam a2200169Ia 4500 | ||
|---|---|---|---|
| 003 | OSt | ||
| 005 | 20200925101551.0 | ||
| 008 | 190216s9999||||xx |||||||||||||| ||und|| | ||
| 040 | _coclc | ||
| 082 |
_a578.4 _bPRA/O |
||
| 100 |
_aPrasad, M K _94958 |
||
| 245 | 0 |
_aOutlines Of Microtechnique / _cM K Prasad |
|
| 260 |
_bEmkay Pubs, _c1994. _aDelhi: |
||
| 300 | _a103p | ||
| 650 | _aBotany | ||
| 942 |
_cBK _2ddc _h578.4 _iPRA/O _k578.4 _mPRA/O |
||
| 999 |
_c1449 _d1449 |
||